000 00472ntaaa2200181 4500
003 01
005 20251027202528.0
008 0714s1973 ag 01
040 _aAR-BaBN
_bspa
_cAR-BaBN
_eaacr
_dRIC
082 _a282.0000 L32
100 _aLarraga, Fr. Francisco
_924246
245 _aPromptuario de la Theología Moral
250 _a1 ed.
260 _as/d :
_bconsortes Sierra y Martí,
_c1797
300 _a768 p.
650 _aTeología Católica
_96125
942 _cBK
999 _c20305
_d20305